[Event "Quebec-ch U18"]
[Site "Montreal CAN"]
[Date "2006.03.05"]
[Round "5"]
[White "Chan, Charles"]
[Black "Milosz, Robin"]
[Result "1-0"]
[WhiteElo "1553"]
[BlackElo "955"]
[PlyCount "37"]
[EventDate "2006.03.03"]
[EventType "swiss"]
[EventRounds "5"]
[EventCountry "CAN"]

1. e4 e6 2. d3 d5 3. Nd2 dxe4 4. dxe4 Nc6 5. Ngf3 Nf6 6. Bd3 Bd6 7. O-O O-O 8.
Re1 Bf4 9. Nf1 Bxc1 10. Rxc1 e5 11. Ng3 Bg4 12. h3 Bxf3 13. Qxf3 Nb4 14. Bc4
Qe7 15. Nf5 Qc5 16. Bb3 Rad8 17. Nh6+ Kh8 18. Nxf7+ Rxf7 19. Bxf7 1-0

[Event "Quebec-ch U18"]
[Site "Montreal CAN"]
[Date "2006.03.05"]
[Round "5"]
[White "Rozybakiyev, Rasul"]
[Black "Minville, Gael"]
[Result "1/2-1/2"]
[WhiteElo "1817"]
[BlackElo "1564"]
[PlyCount "40"]
[EventDate "2006.03.03"]
[EventType "swiss"]
[EventRounds "5"]
[EventCountry "CAN"]

1. e4 d5 2. exd5 Nf6 3. d4 Nxd5 4. Nf3 g6 5. h3 Bg7 6. c3 Nc6 7. Bd3 O-O 8. O-O
e5 9. dxe5 Nxe5 10. Nxe5 Bxe5 11. Re1 Bg7 12. Be4 Nb6 13. Qxd8 Rxd8 14. Bg5 Re8
15. Na3 c6 16. Rad1 Be6 17. Bb1 h6 18. Be3 Rac8 19. Bxb6 axb6 20. Nc2 Ra8
1/2-1/2

[Event "Quebec-ch U18"]
[Site "Montreal CAN"]
[Date "2006.03.05"]
[Round "5"]
[White "Ye, Ling Feng"]
[Black "Goulet, Steve"]
[Result "1-0"]
[WhiteElo "2021"]
[BlackElo "1606"]
[PlyCount "72"]
[EventDate "2006.03.03"]
[EventType "swiss"]
[EventRounds "5"]
[EventCountry "CAN"]

1. e4 c5 2. Nf3 d6 3. d4 cxd4 4. Nxd4 Nf6 5. Nc3 g6 6. Be3 Bg7 7. f3 O-O 8. Qd2
Nc6 9. O-O-O Bd7 10. g4 Rc8 11. h4 h5 12. g5 Ne8 13. f4 a6 14. Bh3 Na5 15. b3
Bxh3 16. Rxh3 b5 17. f5 Nc6 18. Nd5 Nxd4 19. Bxd4 Bxd4 20. Qxd4 e5 21. Qd2 b4
22. Rf3 Nc7 23. Nf6+ Kg7 24. Qxd6 Qxd6 25. Rxd6 Nb5 26. Rxa6 Rfd8 27. Nd5 Nd4
28. f6+ Kg8 29. Rf2 Rc5 30. Kb2 Rb8 31. Rb6 Rxb6 32. Nxb6 Rc7 33. Nd5 Rb7 34.
Nxb4 Rxb4 35. c3 Rb8 36. cxd4 exd4 1-0

[Event "Quebec-ch U20"]
[Site "Montreal CAN"]
[Date "2006.01.06"]
[Round "1"]
[White "Ramaswamy, Kishor"]
[Black "Benoit-Deschamps, Jean-Marc"]
[Result "1/2-1/2"]
[WhiteElo "2103"]
[BlackElo "2046"]
[PlyCount "103"]
[EventDate "2006.01.08"]
[EventType "tourn"]
[EventRounds "5"]
[EventCountry "CAN"]

1. d4 Nf6 2. Nf3 c5 3. c3 b6 4. Bf4 g6 5. e3 Bg7 6. Nbd2 O-O 7. h3 d6 8. Bc4
Bb7 9. O-O h6 10. Qc2 Bd5 11. Bxd5 Nxd5 12. Bh2 Nd7 13. e4 Nc7 14. Rfe1 e5 15.
dxe5 Nxe5 16. Nxe5 dxe5 17. Nc4 Qe7 18. Rad1 Rfd8 19. Rxd8+ Rxd8 20. Rd1 Rxd1+
21. Qxd1 b5 22. Ne3 c4 23. Kf1 Kf8 24. Ke2 Ke8 25. Nd5 Nxd5 26. Qxd5 Qd7 27.
Qxd7+ Kxd7 28. f3 Kc6 29. b3 cxb3 30. axb3 a5 31. Kd3 f6 32. Bg1 Bf8 33. Be3 h5
34. c4 Bc5 35. Bd2 Kb6 36. g4 a4 37. bxa4 bxa4 38. Kc2 Bd4 39. Bb4 Bc5 40. Bd2
Kc6 41. gxh5 gxh5 42. Kb1 Kd6 43. Ka2 Ke6 44. Be1 f5 45. Bh4 fxe4 46. fxe4 Kd6
47. Be1 Kc6 48. Bd2 Kb6 49. Be1 Be7 50. Bf2+ Ka5 51. Be1+ Bb4 52. Bf2 1/2-1/2

[Event "Quebec-ch U20"]
[Site "Montreal CAN"]
[Date "2006.01.06"]
[Round "1"]
[White "Rodriguez, Aaron"]
[Black "Lemire-Paquin, Alexandre"]
[Result "1/2-1/2"]
[WhiteElo "1914"]
[BlackElo "1979"]
[PlyCount "48"]
[EventDate "2006.01.08"]
[EventType "tourn"]
[EventRounds "5"]
[EventCountry "CAN"]

1. e4 c5 2. Nf3 d6 3. d4 cxd4 4. Nxd4 Nf6 5. Nc3 g6 6. f4 Nc6 7. Nxc6 bxc6 8.
e5 dxe5 9. Qxd8+ Kxd8 10. fxe5 Nd5 11. Nxd5 cxd5 12. Bg5 h6 13. Bh4 g5 14. Bf2
Bf5 15. Bd3 Bxd3 16. cxd3 e6 17. O-O Be7 18. Bd4 Rf8 19. Rac1 Kd7 20. Rc2 a6
21. Rcf2 Ke8 22. Rc2 Kd7 23. Rcf2 Ke8 24. Rc2 Kd7 1/2-1/2

[Event "Quebec-ch U20"]
[Site "Montreal CAN"]
[Date "2006.01.06"]
[Round "1"]
[White "Ye, Ling Feng"]
[Black "Malek, Omid"]
[Result "0-1"]
[WhiteElo "2058"]
[BlackElo "2126"]
[PlyCount "94"]
[EventDate "2006.01.08"]
[EventType "tourn"]
[EventRounds "5"]
[EventCountry "CAN"]

1. e4 c5 2. Nf3 e6 3. d4 cxd4 4. Nxd4 a6 5. c4 Nf6 6. Nc3 Bb4 7. Bd3 Nc6 8.
Nxc6 dxc6 9. e5 Qa5 10. exf6 Bxc3+ 11. bxc3 Qxc3+ 12. Bd2 Qxd3 13. fxg7 Rg8 14.
Bh6 Qc3+ 15. Kf1 Qf6 16. Qc1 e5 17. Rb1 b5 18. cxb5 axb5 19. Rb2 Bf5 20. Kg1
Bd3 21. h3 e4 22. Kh2 Qe5+ 23. g3 Bc4 24. Re1 f5 25. f3 O-O-O 26. fxe4 Rd3 27.
Rg2 fxe4 28. Re3 Qe6 29. Rxd3 exd3 30. Qd2 Kb7 31. Rf2 Ra8 32. Qe3 Qxe3 33.
Bxe3 Rxa2 34. Rxa2 Bxa2 35. Kg2 b4 36. Kf2 Ka6 37. Bd4 Kb5 38. Ke3 c5 39. Bb2
Bc4 40. Be5 Ka4 41. Kd2 Bf7 42. Kxd3 Kb3 43. Kd2 c4 44. g4 c3+ 45. Kc1 Kc4 46.
g5 Bd5 47. h4 b3 0-1

[Event "Quebec-ch U20"]
[Site "Montreal CAN"]
[Date "2006.01.07"]
[Round "2"]
[White "Lemire-Paquin, Alexandre"]
[Black "Benoit-Deschamps, Jean-Marc"]
[Result "0-1"]
[WhiteElo "1979"]
[BlackElo "2046"]
[PlyCount "76"]
[EventDate "2006.01.08"]
[EventType "tourn"]
[EventRounds "5"]
[EventCountry "CAN"]

1. d4 Nf6 2. c4 c5 3. d5 d6 4. Nc3 e6 5. Nf3 exd5 6. cxd5 g6 7. Bf4 Nh5 8. Bg5
f6 9. Bh4 a6 10. a4 Be7 11. e3 O-O 12. Nd2 f5 13. Bxe7 Qxe7 14. Be2 Nf6 15. O-O
Nbd7 16. Re1 Ne4 17. Nf1 Qh4 18. g3 Qh3 19. Nxe4 fxe4 20. Bg4 Qh6 21. Be6+ Kh8
22. Bxd7 Bxd7 23. h4 g5 24. Nd2 Rae8 25. hxg5 Qh3 26. Qe2 Bg4 27. Qf1 Qh5 28.
Qg2 Bf3 29. Nxf3 exf3 30. Qh2 Qxg5 31. e4 Rf6 32. Qh3 Ref8 33. Qh4 Qg7 34. e5
Rh6 35. Qe4 Rh5 36. exd6 Qh6 37. Qxf3 Rxf3 38. Re8+ Rf8 0-1

[Event "Quebec-ch U20"]
[Site "Montreal CAN"]
[Date "2006.01.07"]
[Round "2"]
[White "Malek, Omid"]
[Black "Ramaswamy, Kishor"]
[Result "0-1"]
[WhiteElo "2126"]
[BlackElo "2103"]
[PlyCount "86"]
[EventDate "2006.01.08"]
[EventType "tourn"]
[EventRounds "5"]
[EventCountry "CAN"]

1. e4 c6 2. d4 d5 3. Nc3 dxe4 4. Nxe4 Nf6 5. Nxf6+ gxf6 6. c3 Bf5 7. Nf3 Nd7 8.
g3 Nb6 9. Bg2 Qd7 10. h3 O-O-O 11. Nh4 h5 12. Qf3 Be6 13. Qd3 Bc4 14. Qc2 Qe6+
15. Be3 Nd5 16. Be4 Nxe3 17. fxe3 Kb8 18. Kf2 Qd7 19. b3 Bd5 20. c4 Bxe4 21.
Qxe4 Ka8 22. Qf3 Rh6 23. Rad1 e6 24. Qf4 f5 25. Nf3 f6 26. e4 fxe4 27. Qxe4 Bd6
28. Rhe1 Rg8 29. Qxe6 Bxg3+ 30. Kf1 Qg7 31. Re2 Bf4 32. Rde1 Bb8 33. Rf2 Rg6
34. Re4 Rg2 35. Ke2 Rxf2+ 36. Kxf2 Qg2+ 37. Ke3 Rg3 38. Qxf6 Qg1+ 39. Ke2 Rg2+
40. Kd3 Qf1+ 41. Kc3 Qc1+ 42. Kb4 a5+ 43. Kc5 Qa3+ 0-1

[Event "Quebec-ch U20"]
[Site "Montreal CAN"]
[Date "2006.01.07"]
[Round "2"]
[White "Rodriguez, Aaron"]
[Black "Ye, Ling Feng"]
[Result "1-0"]
[WhiteElo "1914"]
[BlackElo "2058"]
[PlyCount "39"]
[EventDate "2006.01.08"]
[EventType "tourn"]
[EventRounds "5"]
[EventCountry "CAN"]

1. e4 c5 2. Nf3 e6 3. d4 cxd4 4. Nxd4 Nf6 5. Nc3 d6 6. Bc4 a6 7. Be3 b5 8. Bb3
b4 9. Na4 Nxe4 10. O-O g6 11. Re1 d5 12. Nxe6 Bxe6 13. Nb6 Ra7 14. Nxd5 Rd7 15.
Ba4 Bg7 16. Bb6 Qg5 17. Nc7+ Kf8 18. Nxe6+ fxe6 19. Bxd7 Ke7 20. Bxe6 1-0

[Event "Quebec-ch U20"]
[Site "Montreal CAN"]
[Date "2006.01.07"]
[Round "3"]
[White "Benoit-Deschamps, Jean-Marc"]
[Black "Malek, Omid"]
[Result "1-0"]
[WhiteElo "2046"]
[BlackElo "2126"]
[PlyCount "69"]
[EventDate "2006.01.08"]
[EventType "tourn"]
[EventRounds "5"]
[EventCountry "CAN"]

1. d4 d5 2. c4 e6 3. Nc3 c6 4. e3 Nf6 5. Nf3 Nbd7 6. Qc2 Bd6 7. g4 Bb4 8. Bd2
Qe7 9. Rg1 Bxc3 10. Bxc3 Ne4 11. O-O-O b6 12. Bd3 Nxc3 13. Qxc3 Bb7 14. Kb1
dxc4 15. Bxc4 a5 16. Ne5 Nf6 17. Rc1 O-O 18. g5 Nd7 19. Bd3 Nxe5 20. dxe5 c5
21. Qc2 g6 22. h4 Qc7 23. f4 Qc6 24. h5 Kg7 25. Qh2 Rh8 26. Rg3 b5 27. Rh3 c4
28. Bc2 b4 29. e4 a4 30. Rh1 b3 31. hxg6 bxc2+ 32. Kc1 Kf8 33. Rxh7 Rg8 34.
Rxf7+ Ke8 35. Qh8 1-0

[Event "Quebec-ch U20"]
[Site "Montreal CAN"]
[Date "2006.01.07"]
[Round "3"]
[White "Ramaswamy, Kishor"]
[Black "Rodriguez, Aaron"]
[Result "1/2-1/2"]
[WhiteElo "2103"]
[BlackElo "1914"]
[PlyCount "70"]
[EventDate "2006.01.08"]
[EventType "tourn"]
[EventRounds "5"]
[EventCountry "CAN"]

1. d4 g6 2. Nf3 Bg7 3. Bg5 h6 4. Bh4 Nf6 5. e3 d6 6. Nbd2 Bf5 7. Bc4 c6 8. c3
Nbd7 9. O-O b5 10. Bb3 O-O 11. Re1 g5 12. Bg3 Bg6 13. e4 Nh5 14. Nf1 Qb8 15.
Qe2 e5 16. dxe5 dxe5 17. Rad1 Nc5 18. Bc2 Nf4 19. Bxf4 exf4 20. Nd4 Re8 21. f3
Qc7 22. Qf2 Ne6 23. Nf5 Bf8 24. Kh1 Rad8 25. Nd2 a5 26. a4 b4 27. Nb3 c5 28.
Rd5 Rxd5 29. exd5 Bxf5 30. Bxf5 Ng7 31. Rxe8 Nxe8 32. Be4 Qd7 33. Nxc5 Bxc5 34.
Qxc5 Qxa4 35. h3 Qa1+ 1/2-1/2

[Event "Quebec-ch U20"]
[Site "Montreal CAN"]
[Date "2006.01.07"]
[Round "3"]
[White "Ye, Ling Feng"]
[Black "Lemire-Paquin, Alexandre"]
[Result "1/2-1/2"]
[WhiteElo "2058"]
[BlackElo "1979"]
[PlyCount "41"]
[EventDate "2006.01.08"]
[EventType "tourn"]
[EventRounds "5"]
[EventCountry "CAN"]

1. e4 c5 2. Nf3 d6 3. d4 cxd4 4. Nxd4 Nf6 5. Nc3 g6 6. Be3 Bg7 7. f3 O-O 8. Qd2
Nc6 9. O-O-O Nxd4 10. Bxd4 Be6 11. Kb1 Qc7 12. h4 Rfc8 13. h5 Qa5 14. hxg6 hxg6
15. g4 b5 16. Nd5 Qxd2 17. Rxd2 Bxd5 18. exd5 a6 19. Bh3 Rc4 20. b3 Ne4 21.
fxe4 1/2-1/2

[Event "Quebec-ch U20"]
[Site "Montreal CAN"]
[Date "2006.01.08"]
[Round "4"]
[White "Lemire-Paquin, Alexandre"]
[Black "Malek, Omid"]
[Result "1-0"]
[WhiteElo "1979"]
[BlackElo "2126"]
[PlyCount "119"]
[EventDate "2006.01.08"]
[EventType "tourn"]
[EventRounds "5"]
[EventCountry "CAN"]

1. d4 d5 2. c4 e6 3. Nf3 c6 4. Nbd2 Nf6 5. Qc2 Nbd7 6. e4 dxe4 7. Nxe4 Bb4+ 8.
Bd2 Bxd2+ 9. Nfxd2 O-O 10. Bd3 b6 11. O-O h6 12. Nf3 Qc7 13. Rfe1 Bb7 14. c5
Nxe4 15. Bxe4 Rad8 16. b4 Nf6 17. Rad1 b5 18. Re3 a5 19. a3 axb4 20. axb4 Ra8
21. Nd2 Ra4 22. Qc3 Rfa8 23. Nb3 Ra3 24. Bf3 R8a4 25. Ree1 g5 26. g3 Qd8 27.
Ra1 Nd5 28. Bxd5 Qxd5 29. Rxa3 Rxa3 30. Re3 Bc8 31. Qb2 Ra4 32. Nd2 f6 33. Ne4
Ra2 34. Nxf6+ Kf7 35. Nxd5 Rxb2 36. Rf3+ Kg7 37. Nb6 Rxb4 38. Nxc8 Rxd4 39. Nb6
e5 40. Kf1 g4 41. Re3 Kf6 42. Ke2 Kf5 43. Rd3 Ke4 44. Rc3 Rb4 45. Rc2 Rb3 46.
Nc8 Rb4 47. Ne7 Rc4 48. Rxc4+ bxc4 49. Kd2 h5 50. Nxc6 Kd5 51. Ne7+ Kxc5 52.
Kc3 Kd6 53. Nf5+ Ke6 54. Ng7+ Kd5 55. Nxh5 Ke4 56. Kxc4 Kf3 57. Kd5 e4 58. Nf6
Kxf2 59. Kxe4 Kg2 60. Kf4 1-0

[Event "Quebec-ch U20"]
[Site "Montreal CAN"]
[Date "2006.01.08"]
[Round "4"]
[White "Rodriguez, Aaron"]
[Black "Benoit-Deschamps, Jean-Marc"]
[Result "0-1"]
[WhiteElo "1914"]
[BlackElo "2046"]
[PlyCount "106"]
[EventDate "2006.01.08"]
[EventType "tourn"]
[EventRounds "5"]
[EventCountry "CAN"]

1. e4 c5 2. Nf3 d6 3. d4 cxd4 4. Nxd4 Nf6 5. Nc3 g6 6. Bc4 Bg7 7. h3 O-O 8. O-O
Nc6 9. Be3 Bd7 10. Bb3 Rc8 11. f4 a6 12. Qf3 Nh5 13. Rad1 Nxd4 14. Bxd4 Bxd4+
15. Rxd4 Qb6 16. Qf2 Nxf4 17. Rd2 Qxf2+ 18. Rdxf2 e5 19. Rd2 Be6 20. Bxe6 fxe6
21. Rfd1 d5 22. exd5 exd5 23. Nxd5 Nxd5 24. Rxd5 Rxc2 25. R1d2 Rxd2 26. Rxd2
Rf7 27. Rd5 Re7 28. Kf2 Kf7 29. Ke3 Kf6 30. Ke4 h5 31. Rd8 Kg5 32. Rd6 Rc7 33.
g3 Rc2 34. Rb6 Rh2 35. h4+ Kg4 36. Rxg6+ Kh3 37. Rb6 Kxg3 38. Kxe5 Rxh4 39.
Rxb7 Ra4 40. Rg7+ Kh2 41. a3 h4 42. Rc7 h3 43. Rc2+ Kg1 44. Rc1+ Kf2 45. Rc2+
Kg3 46. Rc3+ Kg4 47. b4 h2 48. Rc4+ Kg5 49. Rc8 Rxa3 50. Rg8+ Kh4 51. Rh8+ Kg3
52. Ke4 Kg2 53. Rg8+ Rg3 0-1

[Event "Quebec-ch U20"]
[Site "Montreal CAN"]
[Date "2006.01.08"]
[Round "4"]
[White "Ye, Ling Feng"]
[Black "Ramaswamy, Kishor"]
[Result "1/2-1/2"]
[WhiteElo "2058"]
[BlackElo "2103"]
[PlyCount "91"]
[EventDate "2006.01.08"]
[EventType "tourn"]
[EventRounds "5"]
[EventCountry "CAN"]

1. e4 c6 2. d4 d5 3. Nc3 dxe4 4. Nxe4 Nf6 5. Nxf6+ gxf6 6. c3 Bf5 7. Nf3 e6 8.
g3 Nd7 9. Bg2 Bg7 10. O-O O-O 11. Nh4 Bg6 12. f4 f5 13. Bf3 Nf6 14. Ng2 Qd7 15.
Ne3 Ne4 16. Nc4 f6 17. Qe2 Nd6 18. b3 Rfe8 19. Re1 Nxc4 20. Qxc4 Bf7 21. Qf1 e5
22. fxe5 fxe5 23. dxe5 Bxe5 24. Bb2 Bg6 25. Rad1 Qg7 26. Kh1 Rad8 27. Rxd8 Rxd8
28. Rd1 Re8 29. Qc4+ Bf7 30. Qc5 Be6 31. Bh5 Rf8 32. Ba3 Rc8 33. c4 Bc7 34. Qe3
Bf7 35. Bxf7+ Qxf7 36. Qg5+ Qg6 37. Qxg6+ hxg6 38. Rd7 b5 39. Bb2 bxc4 40. bxc4
Rb8 41. Rxc7 Rxb2 42. Rxc6 Rxa2 43. Rxg6+ Kf7 44. Rc6 a5 45. Ra6 a4 46. c5
1/2-1/2

[Event "Quebec-ch U20"]
[Site "Montreal CAN"]
[Date "2006.01.08"]
[Round "5"]
[White "Malek, Omid"]
[Black "Rodriguez, Aaron"]
[Result "0-1"]
[WhiteElo "2126"]
[BlackElo "1914"]
[PlyCount "94"]
[EventDate "2006.01.08"]
[EventType "tourn"]
[EventRounds "5"]
[EventCountry "CAN"]

1. e4 g6 2. d4 Bg7 3. Nc3 d6 4. Be3 Nf6 5. f3 O-O 6. Qd2 e5 7. Nge2 Nc6 8. g4
exd4 9. Nxd4 d5 10. g5 Nh5 11. Nxc6 bxc6 12. O-O-O Be6 13. exd5 cxd5 14. Nxd5
c6 15. Nb4 Qa5 16. a3 c5 17. Nd3 Bxb2+ 18. Nxb2 Qxa3 19. c4 Rab8 20. Bd4 cxd4
21. Qxd4 Rfd8 22. Qxd8+ Rxd8 23. Rxd8+ Kg7 24. Rd1 Qxf3 25. Bd3 Nf4 26. Rhe1
Nxd3+ 27. Rxd3 Qf4+ 28. Ree3 Qxg5 29. Rc3 Qg1+ 30. Nd1 Qxh2 31. c5 Qc7 32. Red3
h5 33. Nf2 Qf4+ 34. Rd2 h4 35. c6 h3 36. c7 h2 37. Nh1 Bc8 38. Rcc2 a5 39. Kb2
Qb4+ 40. Kc1 Qa3+ 41. Kb1 Qb3+ 42. Kc1 a4 43. Rxh2 a3 44. Rhd2 Bf5 45. Rf2 a2
46. Rxa2 Qb1+ 47. Kd2 Qxa2+ 0-1

[Event "Quebec-ch U20"]
[Site "Montreal CAN"]
[Date "2006.01.08"]
[Round "5"]
[White "Ramaswamy, Kishor"]
[Black "Lemire-Paquin, Alexandre"]
[Result "0-1"]
[WhiteElo "2103"]
[BlackElo "1979"]
[PlyCount "146"]
[EventDate "2006.01.08"]
[EventType "tourn"]
[EventRounds "5"]
[EventCountry "CAN"]

1. d4 Nf6 2. Nf3 d6 3. Bg5 Nbd7 4. Nbd2 h6 5. Bh4 g5 6. Bg3 Nh5 7. c3 Bg7 8. e4
e6 9. Bd3 Qe7 10. Qe2 Ndf6 11. Nf1 Bd7 12. Ne3 O-O-O 13. e5 Ng8 14. O-O-O f5
15. exf6 Ngxf6 16. Nf5 Qf8 17. Nxg7 Qxg7 18. Nd2 Nxg3 19. hxg3 Rde8 20. Rde1 e5
21. dxe5 Rxe5 22. Qd1 Ng4 23. Rhf1 Rf8 24. Nf3 Rxe1 25. Qxe1 Qf7 26. a3 Bc6 27.
Be2 Bxf3 28. Bxf3 Nh2 29. Rh1 Nxf3 30. gxf3 Qxf3 31. Rxh6 Qxf2 32. Qxf2 Rxf2
33. Rg6 Rf5 34. Rg7 b5 35. g4 Rc5 36. Kc2 Kb7 37. Kd3 a5 38. b3 b4 39. axb4
axb4 40. c4 Ra5 41. Kd4 Kc6 42. Rg8 Kb7 43. Rg6 Re5 44. Kd3 Kb6 45. Rg7 c5 46.
Rd7 Kc6 47. Rg7 d5 48. Rg6+ Kd7 49. cxd5 Rxd5+ 50. Ke3 Re5+ 51. Kd3 Ke7 52. Rc6
Kf7 53. Rc7+ Ke6 54. Rc6+ Kd7 55. Rg6 Kc7 56. Rg7+ Kb6 57. Rg6+ Kb5 58. Rg8
Rd5+ 59. Ke3 Rd1 60. Rb8+ Kc6 61. Rc8+ Kb6 62. Rb8+ Kc7 63. Rg8 Rb1 64. Rxg5
Rxb3+ 65. Kd2 Kb6 66. Rg8 Rg3 67. g5 Kb5 68. Ke2 Kc4 69. Kf2 Rd3 70. g6 Rd7 71.
g7 b3 72. Ke2 b2 73. Rb8 Rxg7 0-1

[Event "Quebec-ch classe"]
[Site "Trois-Rivieres CAN"]
[Date "2006.10.06"]
[Round "1"]
[White "Bourassa, Samuel"]
[Black "Gerard, Patrice"]
[Result "1-0"]
[WhiteElo "1730"]
[BlackElo "1674"]
[PlyCount "97"]
[EventDate "2006.10.06"]
[EventType "swiss"]
[EventRounds "5"]
[EventCountry "CAN"]

1. e4 e5 2. Nf3 Nc6 3. Bc4 Nf6 4. d3 Be7 5. O-O O-O 6. Nc3 d6 7. h3 Na5 8. Bb3
Nxb3 9. axb3 c6 10. Re1 Qc7 11. d4 Rd8 12. Re3 h6 13. Ne2 Be6 14. c4 d5 15.
exd5 cxd5 16. Nxe5 dxc4 17. bxc4 Bd6 18. Qc2 Nd5 19. Rg3 Kh8 20. Bxh6 Bxe5 21.
dxe5 gxh6 22. Qd2 Kh7 23. Qd3+ Kh8 24. cxd5 Qxe5 25. Qd2 Kh7 26. Nf4 b6 27. Re1
Qf5 28. Nxe6 Rg8 29. Rxg8 Rxg8 30. Nf4 Rd8 31. Re7 a5 32. g3 Qf6 33. Qd3+ Kg8
34. Qe2 Kf8 35. Rb7 Re8 36. Qd2 Re4 37. Rb8+ Ke7 38. d6+ Kd7 39. Qd5 Rd4 40.
Rb7+ Kd8 41. Rxf7 Rxd5 42. Rxf6 Rd2 43. Ne6+ Kd7 44. Nf8+ Kd8 45. d7 b5 46. b3
a4 47. bxa4 bxa4 48. Ra6 Ra2 49. Ra8+ 1-0

[Event "Quebec-ch classe"]
[Site "Trois-Rivieres CAN"]
[Date "2006.10.06"]
[Round "1"]
[White "Larochelle, Martial"]
[Black "Trottier, Yves"]
[Result "1-0"]
[WhiteElo "2152"]
[BlackElo "2034"]
[PlyCount "45"]
[EventDate "2006.10.06"]
[EventType "swiss"]
[EventRounds "5"]
[EventCountry "CAN"]

1. Nf3 d5 2. d4 Bf5 3. c4 e6 4. Qb3 b6 5. Nc3 c6 6. cxd5 exd5 7. e4 Qe7 8. Bg5
f6 9. Be3 Bxe4 10. Nxe4 Qxe4 11. O-O-O Qe7 12. Re1 Kf7 13. Bf4 Qb4 14. Qe3 Qe7
15. Qd3 Qd7 16. h4 Bd6 17. Bxd6 Qxd6 18. Qf5 g6 19. Ng5+ Kg7 20. Qc8 Qf4+ 21.
Kb1 Qf5+ 22. Qxf5 gxf5 23. Ne6+ 1-0

[Event "Quebec-ch classe"]
[Site "Trois-Rivieres CAN"]
[Date "2006.10.06"]
[Round "1"]
[White "Sauve, Richard"]
[Black "Prahov, Valentin"]
[Result "0-1"]
[WhiteElo "2045"]
[BlackElo "2173"]
[PlyCount "60"]
[EventDate "2006.10.06"]
[EventType "swiss"]
[EventRounds "5"]
[EventCountry "CAN"]

1. d4 Nf6 2. c4 g6 3. Nc3 d5 4. cxd5 Nxd5 5. e4 Nxc3 6. bxc3 c5 7. Bd3 Bg7 8.
Ne2 cxd4 9. cxd4 Nc6 10. Be3 O-O 11. Qa4 Bg4 12. f3 Bd7 13. Qa3 e5 14. d5 Nd4
15. O-O b5 16. Rac1 a5 17. Qd6 b4 18. Nxd4 exd4 19. Bf4 Ba4 20. Qxd8 Rfxd8 21.
Bc7 Re8 22. Rc5 Bf8 23. Rxa5 Rxa5 24. Bxa5 Rc8 25. f4 Rc3 26. Rf3 Bd1 27. Rg3
Bc5 28. e5 Bc2 29. d6 Bxd3 30. d7 Rc1+ 0-1

[Event "Quebec-ch classe"]
[Site "Trois-Rivieres CAN"]
[Date "2006.10.06"]
[Round "1"]
[White "Trinh, Tri Bao"]
[Black "Le Duin, Thierry"]
[Result "1/2-1/2"]
[WhiteElo "1997"]
[BlackElo "2134"]
[PlyCount "31"]
[EventDate "2006.10.06"]
[EventType "swiss"]
[EventRounds "5"]
[EventCountry "CAN"]

1. e4 d5 2. exd5 Nf6 3. d4 Bg4 4. Be2 Bxe2 5. Qxe2 Qxd5 6. Nf3 e6 7. O-O Nc6 8.
c3 O-O-O 9. Re1 Bd6 10. Nbd2 Qh5 11. Nc4 Be7 12. Nfe5 Qxe2 13. Rxe2 Nxe5 14.
Nxe5 Rhf8 15. Bg5 Nd5 16. Bxe7 1/2-1/2

[Event "Quebec-ch classe"]
[Site "Trois-Rivieres CAN"]
[Date "2006.10.07"]
[Round "3"]
[White "Lemire-Paquin, Alexandre"]
[Black "Prahov, Valentin"]
[Result "1-0"]
[WhiteElo "2009"]
[BlackElo "2178"]
[PlyCount "123"]
[EventDate "2006.10.06"]
[EventType "swiss"]
[EventRounds "5"]
[EventCountry "CAN"]

1. e4 c5 2. Nf3 e6 3. d3 Nc6 4. g3 d6 5. Bg2 g6 6. O-O Bg7 7. c3 Nge7 8. a4 O-O
9. Re1 Rb8 10. Na3 a6 11. d4 cxd4 12. cxd4 b5 13. axb5 axb5 14. Bf1 b4 15. Nc4
d5 16. exd5 Qxd5 17. Bf4 Bb7 18. Ne3 Qd7 19. Bxb8 Rxb8 20. Bb5 Qd6 21. Ba6 Ba8
22. Bf1 Nxd4 23. Nxd4 Qxd4 24. Qxd4 Bxd4 25. Nc4 Bd5 26. Rad1 Nc6 27. Rc1 Ne7
28. Red1 Bf6 29. Bg2 b3 30. Bxd5 exd5 31. Na5 Bxb2 32. Rb1 Bf6 33. Rxb3 Rxb3
34. Nxb3 h5 35. Nc5 Bg7 36. Kf1 Kf8 37. Nd3 Ke8 38. Nb4 d4 39. Ke2 Kd7 40. Kd3
Kd6 41. Rc1 Bf6 42. Ra1 h4 43. Ra6+ Ke5 44. f4+ Kf5 45. g4+ Kxf4 46. Rxf6+ Kxg4
47. Rxf7 Nf5 48. Nc2 Kh3 49. Nxd4 Nxd4 50. Kxd4 Kxh2 51. Ke3 Kg2 52. Rf2+ Kg3
53. Rf3+ Kg4 54. Kf2 g5 55. Kg2 Kh5 56. Rf8 Kg4 57. Rh8 Kf4 58. Kh3 Kf3 59.
Rf8+ Ke3 60. Kg4 Ke2 61. Kxg5 h3 62. Rh8 1-0

[Event "Quebec-ch classe"]
[Site "Trois-Rivieres CAN"]
[Date "2006.10.07"]
[Round "3"]
[White "Poirier, Erik"]
[Black "Le Duin, Thierry"]
[Result "0-1"]
[WhiteElo "2125"]
[BlackElo "2134"]
[PlyCount "122"]
[EventDate "2006.10.06"]
[EventType "swiss"]
[EventRounds "5"]
[EventCountry "CAN"]

1. d4 Nf6 2. c4 c5 3. d5 b5 4. cxb5 a6 5. b6 Qxb6 6. Nc3 g6 7. e4 d6 8. Nf3 Bg7
9. Be2 Bd7 10. a4 Bg4 11. a5 Qc7 12. Nd2 Bd7 13. O-O O-O 14. Nc4 Bb5 15. Nb6
Bxe2 16. Qxe2 Ra7 17. f4 Nbd7 18. Nc4 Ne8 19. Bd2 Qb8 20. Rae1 Nc7 21. Na4 Nb5
22. Nab6 Nd4 23. Qd3 Nxb6 24. axb6 Rb7 25. Bc3 Rxb6 26. Nxb6 Qxb6 27. e5 Nf5
28. Qc4 h5 29. exd6 exd6 30. Bxg7 Kxg7 31. Rf2 a5 32. Ra1 Nd4 33. Qc3 Qb3 34.
Qxb3 Nxb3 35. Re1 Kf6 36. h3 h4 37. Rfe2 Rb8 38. Re8 Rb6 39. Rh8 Nd4 40. Rd8
Nf5 41. Re2 Rb4 42. Rd7 Rd4 43. Re8 Rxd5 44. Rf8 Nh6 45. Rh8 Kg7 46. Rb8 Rd4
47. Rb6 Nf5 48. Rbb7 Rxf4 49. Rxf7+ Kh6 50. Rbd7 Kg5 51. Rxf5+ gxf5 52. Rxd6
Rd4 53. Rc6 Rc4 54. Ra6 a4 55. Rc6 Kf4 56. Kf2 Rc2+ 57. Kg1 Rxb2 58. Rxc5 a3
59. Ra5 a2 60. Kh2 Ke4 61. Ra8 Kd4 0-1

[Event "Quebec-ch classe"]
[Site "Trois-Rivieres CAN"]
[Date "2006.10.07"]
[Round "3"]
[White "Sauve, Richard"]
[Black "Khassanov, Marat"]
[Result "0-1"]
[WhiteElo "2045"]
[BlackElo "2319"]
[PlyCount "126"]
[EventDate "2006.10.06"]
[EventType "swiss"]
[EventRounds "5"]
[EventCountry "CAN"]

1. d4 Nf6 2. c4 e6 3. Nc3 Bb4 4. Qc2 b6 5. e4 Bb7 6. Bd3 c5 7. Nf3 Nc6 8. dxc5
bxc5 9. O-O d6 10. Bg5 h6 11. Bh4 g5 12. Bg3 Bxc3 13. Qxc3 e5 14. Nd2 Qa5 15.
Qxa5 Nxa5 16. f3 Nh5 17. Rfd1 Nc6 18. Nf1 Nf4 19. Ne3 Nd4 20. Nd5 Bxd5 21. cxd5
Rb8 22. b3 Nxd3 23. Rxd3 f5 24. Rd2 fxe4 25. fxe4 Rf8 26. Rf1 Rxf1+ 27. Kxf1
Rb4 28. Be1 Ke7 29. Rd3 Rb8 30. Bd2 Kf6 31. Ba5 Rb7 32. Rh3 Kg6 33. Ke1 h5 34.
Bd2 h4 35. Rd3 g4 36. Ba5 Rf7 37. Bd2 Nc2+ 38. Ke2 Nd4+ 39. Ke1 Nc2+ 40. Ke2
Nb4 41. Bxb4 cxb4 42. Re3 a5 43. Kd3 Rf1 44. Re2 Kg5 45. Ke3 g3 46. hxg3 hxg3
47. Rc2 Rf2 48. Re2 Kg4 49. Rd2 Rf1 50. Rc2 Re1+ 51. Re2 Rc1 52. Kd2 Rc3 53.
Re3 Kf4 54. Rxc3 bxc3+ 55. Kxc3 Kxe4 56. Kc4 Ke3 57. a3 e4 58. b4 axb4 59. axb4
Kd2 60. b5 e3 61. b6 e2 62. b7 e1=Q 63. b8=Q Qe4+ 0-1

[Event "Quebec-ch classe"]
[Site "Trois-Rivieres CAN"]
[Date "2006.10.08"]
[Round "4"]
[White "Khassanov, Marat"]
[Black "Larochelle, Martial"]
[Result "1-0"]
[WhiteElo "2318"]
[BlackElo "2152"]
[PlyCount "57"]
[EventDate "2006.10.06"]
[EventType "swiss"]
[EventRounds "5"]
[EventCountry "CAN"]

1. e4 c5 2. Nf3 d6 3. d4 cxd4 4. Nxd4 Nf6 5. Nc3 a6 6. Be2 e5 7. Nb3 Be7 8. O-O
O-O 9. Kh1 b6 10. Nd5 Bb7 11. Nxe7+ Qxe7 12. f3 d5 13. exd5 Nxd5 14. Re1 Rd8
15. Bd3 Nc6 16. Qe2 Qf6 17. Qf2 Rab8 18. Be4 Nd4 19. Nxd4 exd4 20. Qg3 Ne3 21.
Bd3 Rbc8 22. Bxe3 dxe3 23. Rxe3 Qxb2 24. Rae1 g6 25. h3 Qxa2 26. Bf5 Rc5 27.
Qh4 Rf8 28. Re8 h5 29. Qf6 1-0